UM Logo

Banghay-aralin sa sining ikaapat na baitang / (Record no. 23074)

MARC details
000 -LEADER
fixed length control field 00427nam a22001457a 4500
003 - CONTROL NUMBER IDENTIFIER
control field OSt
005 - DATE AND TIME OF LATEST TRANSACTION
control field 20241107133117.0
008 - FIXED-LENGTH DATA ELEMENTS--GENERAL INFORMATION
fixed length control field 241107b |||||||| |||| 00| 0 eng d
040 ## - CATALOGING SOURCE
Transcribing agency 0
100 ## - MAIN ENTRY--PERSONAL NAME
Personal name Arienza, Cecille V.
Relator term author,.
9 (RLIN) 63738
245 ## - TITLE STATEMENT
Title Banghay-aralin sa sining ikaapat na baitang /
Statement of responsibility, etc. Cecille V. Arienza.
300 ## - PHYSICAL DESCRIPTION
Extent Volume 66, page 358,359.
700 ## - ADDED ENTRY--PERSONAL NAME
Personal name Arienza, Cecille V.
Relator term author.
9 (RLIN) 60930
942 ## - ADDED ENTRY ELEMENTS (KOHA)
Source of classification or shelving scheme Dewey Decimal Classification
Koha item type Periodicals
Holdings
Withdrawn status Lost status Source of classification or shelving scheme Damaged status Not for loan Collection code Home library Current library Date acquired Total Checkouts Date last seen Price effective from Koha item type Public note
    Dewey Decimal Classification     Periodicals UM Digos College - LIC UM Digos College - LIC 11/07/2024   11/07/2024 11/07/2024 Periodicals Periodical Article